00363nam a2200109Ia 4500008004100000020001800041100002100059245011900080250001200199260002500211300001700236180305s9999 xx 000 0 und d a9781138658615 aSchwarz, Eric C. cEric C. Schwarz, Hans Westerbeek, Dongfeng Liu, Paul Emer, Paul TurneraManaging Sport Facilities and Major Events a2nd ed. aUSAbRoutledgec2017 av, 306 Pages